[Event "EYCC 2017"]
[Site "Mamaia"]
[Date "2017.09.13"]
[Round "8"]
[White "Roebers, Eline"]
[Black "Can, Isil"]
[Result "1-0"]
[WhiteElo "1816"]
[BlackElo "1945"]
[Annotator "NA RC"]
[PlyCount "47"]
[EventDate "2017.??.??"]
[EventType "swiss"]
[EventCountry "ROU"]
[SourceTitle "playchess.com"]
[Source "ChessBase"]
[SourceQuality "1"]
[TimeControl "40/5400+30:1800+30"]

1. e4 {[%emt 0:00:00]} e5 {[%emt 0:00:23]} 2. Nc3 {[%emt 0:00:30]} Nf6 {[%emt 0:00:09]} 3. f4 {[%emt 0:00:12]} d5 {[%emt 0:00:08]} 4. fxe5 {[%emt 0:00:25]} Nxe4 {[%emt 0:00:15]} 5. Qf3 {[%emt 0:00:44]} f5 {[%emt 0:00:20]} 6. d3 {[%emt 0:07:05]} Nxc3 {[%emt 0:00:18]} 7. bxc3 {[%emt 0:00:07]} d4 {[%emt 0:02:13]} 8. Ne2 {[%emt 0:08:37]} dxc3 {[%emt 0:00:51]} 9. Nf4 {[%emt 0:11:05]} g6 {[%emt 0:00:35]} 10. Be2 {[%emt 0:15:30]} Nc6 {[%emt 0:07:45]} 11. O-O {[%emt 0:05:34]} Bc5+ {[%emt 0:04:45]} 12. Kh1 {[%emt 0:03:58]} Nxe5 {[%emt 0:07:12]} 13. Qd5 {[%emt 0:02:56]} Qxd5 {[%emt 0:10:27]} 14. Nxd5 {[%emt 0:00:28]} Bd6 {[%emt 0:00:46]} 15. Bh6 {[%emt 0:07:03]} Kf7 {[%emt 0:09:57]} 16. Nxc3 {[%emt 0:04:16]} Re8 {[%emt 0:05:03]} 17. d4 {[%emt 0:03:20]} Nc6 {[%emt 0:01:40]} 18. Bc4+ {[%emt 0:00:41]} Ke7 {[%emt 0:00:01]} 19. Nd5+ {[%emt 0:02:31]} Kd8 {[%emt 0:00:01]} 20. Bg5+ {[%emt 0:05:33]} Ne7 {[%emt 0:02:04]} 21. Rae1 {[%emt 0:01:02]} c6 {[%emt 0:00:01]} 22. Nxe7 {[%emt 0:00:09]} Bxe7 {[%emt 0:00:51]} 23. Rxe7 {[%emt 0:00:04]} Rxe7 {[%emt 0:00:10]} 24. Re1 {[%emt 0:00:04]} 1-0

[Event "EYCC 2017"]
[Site "Mamaia"]
[Date "2017.09.13"]
[Round "8"]
[White "Guillo Longares, Cecilia"]
[Black "Srdanovic, Jovana"]
[Result "0-1"]
[WhiteElo "1810"]
[BlackElo "1994"]
[Annotator "NA RC"]
[PlyCount "110"]
[EventDate "2017.??.??"]
[EventType "swiss"]
[EventCountry "ROU"]
[SourceTitle "playchess.com"]
[Source "ChessBase"]
[SourceQuality "1"]
[TimeControl "40/5400+30:1800+30"]

1. d4 {[%emt 0:00:00]} d5 {[%emt 0:00:11]} 2. c4 {[%emt 0:00:00]} c6 {[%emt 0:00:04]} 3. Nf3 {[%emt 0:00:00]} Nf6 {[%emt 0:00:05]} 4. Nc3 {[%emt 0:00:00]} dxc4 {[%emt 0:00:22]} 5. a4 {[%emt 0:00:06]} Bf5 {[%emt 0:00:12]} 6. e3 {[%emt 0:00:11]} e6 {[%emt 0:00:26]} 7. Bxc4 {[%emt 0:00:15]} Nbd7 {[%emt 0:00:22]} 8. O-O {[%emt 0:01:20]} Nb6 {[%emt 0:07:50] D18: Slav Defence: 5 a4 Bf5 6 e3} (8... Bb4 9. Qb3 Qb6 10. e4 Bg6 11. Bxe6 fxe6 12. a5 Bxa5 13. Qxe6+ Kd8 14. e5 Bxc3 15. exf6 Re8 16. Qc4 Qb4 17. Qxc3 Qxc3 18. bxc3 gxf6 {0-1 (40) Riazantsev,A (2659)-Alekseenko,K (2585) Sochi 2017}) 9. Bd3 {[%emt 0:04:55]} Bb4 $146 {[%emt 0:01:36]} (9... Nbd5 $14) ({Find the theoretical novelty and annotate with similar games:} 9... Bxd3 10. Qxd3 Nbd5 11. e4 Nb4 12. Qe2 a5 13. Be3 Be7 14. Ne5 O-O 15. f4 Qb6 16. f5 {1-0 (74) Baraeva,M (2187)-Bykov,E (2047) Taganrog 2013}) 10. e4 {[%emt 0:13:08]} Bg4 {[%emt 0:02:59]} 11. Be3 {[%emt 0:00:48]} a5 {[%emt 0:00:41]} 12. Qe2 {[%emt 0:03:00]} O-O {[%emt 0:00:51]} 13. Rfd1 {[%emt 0:02:21]} h6 {[%emt 0:02:24]} 14. h3 {[%emt 0:08:31]} Bh5 {[%emt 0:02:15]} 15. g4 {[%emt 0:05:15]} Bg6 {[%emt 0:00:46]} 16. Ne5 {[%emt 0:00:48]} Nfd7 {[%emt 0:11:59]} 17. Nxg6 {[%emt 0:05:08]} fxg6 {[%emt 0:00:08]} 18. g5 {[%emt 0:01:58]} h5 {[%emt 0:04:18]} 19. f4 {[%emt 0:03:40]} Qe8 {[%emt 0:01:13]} 20. Rf1 $16 {[%emt 0:02:13]} c5 {[%emt 0:03:38]} 21. Nb5 {[%emt 0:03:01]} cxd4 {[%emt 0:16:50]} 22. Nc7 {[%emt 0:05:18]} Qe7 {[%emt 0:00:53]} 23. Nxa8 {[%emt 0:01:44]} Nxa8 {[%emt 0:00:32]} 24. Bxd4 {[%emt 0:02:07]} e5 {[%emt 0:00:50]} 25. fxe5 {[%emt 0:01:25]} Rxf1+ {[%emt 0:01:54]} 26. Rxf1 {[%emt 0:00:50]} Nxe5 {[%emt 0:00:12]} 27. Bc4+ {[%emt 0:11:14]} Kh7 {[%emt 0:01:18]} 28. h4 {[%emt 0:02:15]} Bc5 {[%emt 0:01:07]} 29. Qf2 {[%emt 0:05:04]} Bd6 {[%emt 0:15:54]} 30. Bd5 {[%emt 0:10:39]} Nc7 {[%emt 0:00:43]} 31. Bxb7 {[%emt 0:00:39]} Ne6 {[%emt 0:00:18]} 32. Bd5 {[%emt 0:02:34]} Nxd4 {[%emt 0:00:46]} 33. Rd1 {[%emt 0:01:37]} Bc5 {[%emt 0:01:51]} 34. Kh1 {[%emt 0:03:40]} Ng4 {[%emt 0:00:12]} 35. Qf4 {[%emt 0:01:07]} Bd6 {[%emt 0:00:37]} 36. Qd2 {[%emt 0:00:29]} Qe5 {[%emt 0:00:09]} 37. Rf1 {[%emt 0:00:25]} Qg3 {[%emt 0:00:53]} 38. Rf7 {[%emt 0:00:38]} Qh3+ {[%emt 0:00:18]} 39. Kg1 {[%emt 0:00:04]} Nf3+ {[%emt 0:00:18]} 40. Rxf3 {[%emt 0:00:00]} Bc5+ {[%emt 0:00:10]} 41. Rf2 {[%emt 0:00:43]} Bxf2+ {[%emt 0:00:06]} 42. Qxf2 {[%emt 0:00:09]} Nxf2 {[%emt 0:00:04]} 43. Kxf2 {[%emt 0:00:05]} Qxh4+ {[%emt 0:00:03]} 44. Ke3 {[%emt 0:01:02]} Qxg5+ {[%emt 0:00:05]} 45. Kd4 {[%emt 0:00:05]} Qd2+ {[%emt 0:00:04]} 46. Kc5 {[%emt 0:00:16]} Qxb2 {[%emt 0:00:03]} 47. Kd6 {[%emt 0:00:08]} Qb6+ {[%emt 0:00:06]} 48. Kd7 {[%emt 0:00:20]} Qf6 {[%emt 0:00:14]} 49. Ke8 {[%emt 0:01:39]} h4 {[%emt 0:00:07]} 50. Bf7 {[%emt 0:00:28]} h3 {[%emt 0:00:09]} 51. e5 {[%emt 0:00:39]} Qxe5+ {[%emt 0:00:06]} 52. Kf8 {[%emt 0:00:06]} Qf6 {[%emt 0:00:20]} 53. Ke8 {[%emt 0:00:09]} h2 {[%emt 0:00:04]} 54. Be6 {[%emt 0:00:57]} Qxe6+ {[%emt 0:00:05]} 55. Kf8 {[%emt 0:00:06]} Qf6+ {[%emt 0:00:04]} 0-1

[Event "EYCC 2017"]
[Site "Mamaia"]
[Date "2017.09.13"]
[Round "8"]
[White "Koubova, Anna Marie"]
[Black "Slaba, Andrea"]
[Result "1-0"]
[WhiteElo "1805"]
[BlackElo "1840"]
[Annotator "NA RC"]
[PlyCount "71"]
[EventDate "2017.??.??"]
[EventType "swiss"]
[EventCountry "ROU"]
[SourceTitle "playchess.com"]
[Source "ChessBase"]
[SourceQuality "1"]
[TimeControl "40/5400+30:1800+30"]

1. d4 {[%emt 0:00:00]} Nf6 {[%emt 0:00:08]} 2. c4 {[%emt 0:00:00]} g6 {[%emt 0:00:04]} 3. g3 {[%emt 0:00:00]} Bg7 {[%emt 0:00:10]} 4. Bg2 {[%emt 0:00:00]} O-O {[%emt 0:00:16]} 5. Nc3 {[%emt 0:00:03]} d6 {[%emt 0:00:13]} 6. Nf3 {[%emt 0:00:08]} Nbd7 {[%emt 0:00:15]} 7. O-O {[%emt 0:00:10]} e5 {[%emt 0:00:06]} 8. e4 {[%emt 0:00:05]} c6 {[%emt 0:00:06]} 9. h3 {[%emt 0:00:17]} Qb6 {[%emt 0:01:07]} 10. c5 {[%emt 0:10:20]} dxc5 {[%emt 0:00:07]} 11. dxe5 {[%emt 0:00:12]} Ne8 {[%emt 0:00:29]} 12. Na4 {[%emt 0:00:25]} Qa6 {[%emt 0:01:11]} 13. Bg5 {[%emt 0:00:46]} Nc7 {[%emt 0:02:21]} 14. Be7 {[%emt 0:01:20]} Re8 {[%emt 0:00:15]} 15. Nxc5 {[%emt 0:01:37]} Nxc5 {[%emt 0:00:13]} 16. Bxc5 {[%emt 0:00:06]} Ne6 {[%emt 0:04:24]} 17. Bd6 {[%emt 0:03:13]} b6 {[%emt 0:03:38]} 18. Nh4 {[%emt 0:07:34]} c5 {[%emt 0:05:19]} 19. f4 {[%emt 0:00:56]} Bb7 {[%emt 0:02:23]} 20. f5 {[%emt 0:04:11]} Nd4 {[%emt 0:00:54]} 21. e6 {[%emt 0:00:38]} Ne2+ {[%emt 0:02:21]} 22. Kh2 {[%emt 0:01:21]} f6 {[%emt 0:01:49]} 23. Rf2 {[%emt 0:06:37]} Nd4 {[%emt 0:02:16]} 24. Bf1 {[%emt 0:09:56]} Qa5 {[%emt 0:00:25]} 25. a3 {[%emt 0:00:43]} Red8 {[%emt 0:13:48]} 26. b4 {[%emt 0:14:54]} cxb4 {[%emt 0:00:05]} 27. axb4 {[%emt 0:00:06]} Qxa1 {[%emt 0:00:25]} 28. Qxa1 {[%emt 0:00:05]} Rxd6 {[%emt 0:00:11]} 29. Bg2 {[%emt 0:00:19]} g5 {[%emt 0:01:02]} 30. e5 {[%emt 0:00:58]} fxe5 {[%emt 0:02:58]} 31. Bxb7 {[%emt 0:00:12]} Re8 {[%emt 0:02:46]} 32. Nf3 {[%emt 0:05:46]} Nxf5 {[%emt 0:05:35]} 33. Nxg5 {[%emt 0:02:14]} Ne7 {[%emt 0:02:18]} 34. Qb1 {[%emt 0:01:17]} Ng6 {[%emt 0:00:25]} 35. Be4 {[%emt 0:00:20]} Nf8 {[%emt 0:01:14]} 36. Bxh7+ {[%emt 0:00:18]} 1-0

[Event "EYCC 2017"]
[Site "Mamaia"]
[Date "2017.09.13"]
[Round "8"]
[White "Saridag, Omer Melih"]
[Black "Piliposyan, Robert"]
[Result "1/2-1/2"]
[WhiteElo "1803"]
[BlackElo "1773"]
[Annotator "NA RC"]
[PlyCount "205"]
[EventDate "2017.??.??"]
[EventType "swiss"]
[EventCountry "ROU"]
[SourceTitle "playchess.com"]
[Source "ChessBase"]
[SourceQuality "1"]
[TimeControl "40/5400+30:1800+30"]

1. d4 {[%emt 0:00:00]} Nf6 {[%emt 0:00:05]} 2. c4 {[%emt 0:00:00]} e6 {[%emt 0:00:07]} 3. Nc3 {[%emt 0:00:00]} Bb4 {[%emt 0:00:07]} 4. e3 {[%emt 0:00:45]} O-O {[%emt 0:00:09]} 5. Bd3 {[%emt 0:01:34]} d5 {[%emt 0:00:14]} 6. Nf3 {[%emt 0:01:37]} b6 {[%emt 0:06:17]} 7. O-O {[%emt 0:02:01]} Bb7 {[%emt 0:00:13]} 8. a3 {[%emt 0:02:17]} Be7 {[%emt 0:00:28]} 9. b3 {[%emt 0:07:24]} dxc4 $146 {[%emt 0:21:54] E52: Nimzo-Indian: Rubinstein: 4...0-0 5 Nf3 d5 6 Bd3 b6} ({Predecessor:} 9... c5 10. Bb2 cxd4 11. exd4 Nc6 12. Re1 Re8 13. Rc1 Rc8 14. cxd5 Nxd5 15. Nxd5 Qxd5 16. Be4 Qd6 17. d5 exd5 18. Qxd5 Qxd5 19. Bxd5 Kf8 {1-0 (72) Cvitan,O (2557)-Lazarev,V (2427) Bastia 2013}) 10. bxc4 {[%emt 0:01:09]} c5 {[%emt 0:07:43]} 11. Bb2 {[%emt 0:07:12]} cxd4 {[%emt 0:02:24]} 12. exd4 {[%emt 0:00:46]} Nc6 {[%emt 0:00:21]} 13. Ne4 {[%emt 0:03:10]} Na5 {[%emt 0:02:26]} 14. Ng3 {[%emt 0:00:36]} Rc8 {[%emt 0:00:36]} 15. Rc1 {[%emt 0:01:12]} Ne8 {[%emt 0:05:57]} 16. Ne5 {[%emt 0:05:19]} Bf6 {[%emt 0:10:47]} 17. f4 {[%emt 0:05:20]} g6 {[%emt 0:05:02]} 18. Nh5 {[%emt 0:20:49]} Bh8 {[%emt 0:11:25]} 19. Ng3 {[%emt 0:06:34]} Nd6 $11 {[%emt 0:09:27]} 20. c5 {[%emt 0:09:16]} Nf5 {[%emt 0:01:46]} 21. Nxf5 {[%emt 0:00:35]} exf5 {[%emt 0:00:10]} 22. Bb5 {[%emt 0:10:53]} a6 {[%emt 0:05:18]} 23. c6 {[%emt 0:01:32]} axb5 {[%emt 0:00:47]} 24. cxb7 {[%emt 0:00:06]} Rxc1 {[%emt 0:00:39]} 25. Qxc1 {[%emt 0:00:21]} Nxb7 {[%emt 0:01:29]} 26. Qc6 {[%emt 0:00:46]} Na5 {[%emt 0:04:02]} 27. Qxb5 {[%emt 0:01:16]} Nb7 {[%emt 0:01:27]} 28. d5 {[%emt 0:00:27]} Nd6 {[%emt 0:00:33]} 29. Qc6 {[%emt 0:00:55]} Ne4 {[%emt 0:00:18]} 30. Bd4 {[%emt 0:01:32]} Qa8 {[%emt 0:01:42]} 31. a4 {[%emt 0:01:42]} Rc8 {[%emt 0:01:02]} 32. Qd7 {[%emt 0:01:54]} Bxe5 {[%emt 0:00:10]} 33. Bxe5 {[%emt 0:02:08]} Rd8 {[%emt 0:00:29]} 34. Qc6 {[%emt 0:00:25]} Qa7 {[%emt 0:00:51]} 35. Bd4 {[%emt 0:00:58]} Rb8 {[%emt 0:00:59]} 36. Rc1 {[%emt 0:01:13]} Qa8 {[%emt 0:00:21]} 37. Qc7 {[%emt 0:01:12]} Rd8 {[%emt 0:00:19]} 38. Qe5 {[%emt 0:00:40]} f6 {[%emt 0:00:16]} 39. Qe6+ {[%emt 0:00:05]} Kg7 {[%emt 0:00:04]} 40. Rc7+ {[%emt 0:00:00]} Kh6 {[%emt 0:00:07]} 41. Qe7 {[%emt 0:03:11]} Rh8 {[%emt 0:00:29]} 42. Qg7+ {[%emt 0:20:11]} Kh5 {[%emt 0:00:05]} 43. h3 {[%emt 0:00:17]} h6 {[%emt 0:01:20]} 44. Qd7 {[%emt 0:05:39]} Qa5 {[%emt 0:01:02]} 45. Bf2 {[%emt 0:02:59]} Nxf2 {[%emt 0:01:27]} 46. Kxf2 {[%emt 0:00:08]} Qd2+ {[%emt 0:00:12]} 47. Kg1 {[%emt 0:01:26]} Qe3+ {[%emt 0:02:08]} 48. Kh1 {[%emt 0:00:49]} Re8 {[%emt 0:00:59]} 49. Qg7 {[%emt 0:01:22]} Qxf4 {[%emt 0:05:04]} 50. Re7 {[%emt 0:00:14]} Rc8 {[%emt 0:00:11]} 51. Re1 {[%emt 0:00:22]} Qg3 {[%emt 0:04:32]} 52. Rg1 {[%emt 0:01:10]} Qe5 {[%emt 0:03:55]} 53. Qb7 {[%emt 0:02:07]} Rc3 {[%emt 0:00:57]} 54. Qxb6 {[%emt 0:00:41]} Qxd5 {[%emt 0:00:23]} 55. Kh2 {[%emt 0:00:10]} Qe5+ {[%emt 0:04:11]} 56. Kh1 {[%emt 0:00:11]} Qe4 {[%emt 0:00:37]} 57. Kh2 {[%emt 0:00:14]} Qxa4 {[%emt 0:01:40]} 58. Qxf6 {[%emt 0:00:28]} Qf4+ {[%emt 0:00:05]} 59. Kh1 {[%emt 0:00:21]} Rg3 {[%emt 0:00:16]} 60. Qb2 {[%emt 0:00:20]} Qe4 {[%emt 0:04:28]} 61. Kh2 {[%emt 0:00:13]} f4 {[%emt 0:00:37]} 62. Qb5+ {[%emt 0:00:25]} Kh4 {[%emt 0:00:47]} 63. Qb6 {[%emt 0:00:55]} h5 {[%emt 0:01:52]} 64. Qd8+ {[%emt 0:00:14]} g5 {[%emt 0:00:09]} 65. Qd2 {[%emt 0:00:08]} Qe3 {[%emt 0:04:58]} 66. Qxe3 {[%emt 0:01:44]} fxe3 {[%emt 0:00:33]} 67. Ra1 {[%emt 0:01:16]} e2 {[%emt 0:01:30]} 68. Ra4+ {[%emt 0:00:27]} g4 {[%emt 0:00:14]} 69. Re4 {[%emt 0:00:29]} Ra3 {[%emt 0:00:16]} 70. hxg4 {[%emt 0:00:35]} hxg4 {[%emt 0:00:05]} 71. g3+ {[%emt 0:00:12]} Rxg3 {[%emt 0:00:09]} 72. Rxe2 {[%emt 0:00:05]} Ra3 {[%emt 0:00:05]} 73. Re8 {[%emt 0:00:12]} Ra2+ {[%emt 0:00:05]} 74. Kg1 {[%emt 0:00:21]} Kh3 {[%emt 0:00:06]} 75. Re1 {[%emt 0:00:57]} Ra3 {[%emt 0:00:51]} 76. Kh1 {[%emt 0:00:13]} Kg3 {[%emt 0:01:15]} 77. Kg1 {[%emt 0:00:10]} Rb3 {[%emt 0:00:05]} 78. Rd1 {[%emt 0:00:07]} Rc3 {[%emt 0:00:40]} 79. Rf1 {[%emt 0:00:10]} Rf3 {[%emt 0:00:34]} 80. Rb1 {[%emt 0:00:22]} Ra3 {[%emt 0:00:05]} 81. Rc1 {[%emt 0:00:05]} Kh3 {[%emt 0:00:07]} 82. Rd1 {[%emt 0:00:09]} Ra2 {[%emt 0:00:27]} 83. Kh1 {[%emt 0:00:24]} Rh2+ {[%emt 0:00:12]} 84. Kg1 {[%emt 0:00:08]} Rg2+ {[%emt 0:00:16]} 85. Kh1 {[%emt 0:00:20]} Rg3 {[%emt 0:00:07]} 86. Rd2 {[%emt 0:00:10]} Ra3 {[%emt 0:00:11]} 87. Rd1 {[%emt 0:00:06]} Ra8 {[%emt 0:00:07]} 88. Rc1 {[%emt 0:00:12]} Rh8 {[%emt 0:00:08]} 89. Rc3+ {[%emt 0:00:18]} g3 {[%emt 0:00:12]} 90. Kg1 {[%emt 0:00:16]} Rf8 {[%emt 0:00:08]} 91. Rd3 {[%emt 0:00:18]} Ra8 {[%emt 0:00:07]} 92. Rd1 {[%emt 0:00:08]} Ra3 {[%emt 0:00:04]} 93. Rb1 {[%emt 0:00:06]} Rf3 {[%emt 0:00:06]} 94. Rc1 {[%emt 0:00:22]} Rf2 {[%emt 0:00:13]} 95. Rb1 {[%emt 0:00:08]} Rg2+ {[%emt 0:00:07]} 96. Kh1 {[%emt 0:00:13]} Rf2 {[%emt 0:00:06]} 97. Kg1 {[%emt 0:00:09]} Rf3 {[%emt 0:00:04]} 98. Rb2 {[%emt 0:00:14]} Rc3 {[%emt 0:00:10]} 99. Rb1 {[%emt 0:00:07]} g2 {[%emt 0:00:09]} 100. Ra1 {[%emt 0:00:13]} Rf3 {[%emt 0:00:04]} 101. Rb1 {[%emt 0:00:12]} Rf1+ {[%emt 0:00:07]} 102. Rxf1 {[%emt 0:00:06]} gxf1=Q+ {[%emt 0:00:08]} 103. Kxf1 1/2-1/2

[Event "EYCC 2017"]
[Site "Mamaia"]
[Date "2017.09.13"]
[Round "8"]
[White "Aubert, Estee"]
[Black "Beydullayeva, Govhar"]
[Result "0-1"]
[WhiteElo "1800"]
[BlackElo "2164"]
[Annotator "TA"]
[PlyCount "102"]
[EventDate "2017.??.??"]
[EventType "swiss"]
[EventCountry "ROU"]
[SourceTitle "playchess.com"]
[Source "ChessBase"]
[SourceQuality "1"]

{[%evp 17,101,41,37,33,48,34,38,29,39,16,32,26,19,0,0,-104,-109,-93,-89,-259,-267,-262,-268,-293,-280,-572,-587,-585,-577,-586,-575,-569,-559,-562,-408,-430,-357,-360,-368,-411,-414,-395,-396,-451,-459,-461,-420,-409,-417,-408,-414,-492,-465,-548,-458,-689,-638,-936,-928,-1029,-1023,-1063,-1056,-1003,-1075,-1987,-1928,-2656,-2529,-29987,-29988,-29988,-29989,-29989,-29990,-29990,-29991,-29992,-29993,-29993,-29994,-29994,-29995,-29996,-29996,-29999]} 1. d4 e6 2. Bf4 Nf6 3. e3 b6 4. Nf3 Bb7 5. Bd3 c5 6. c3 cxd4 {A47: 1 d4 Nf6 2 Nf3 b6: Torre, London and Colle Systems} 7. exd4 d6 8. O-O Be7 9. h3 O-O {LiveBook: 8 Games} 10. Re1 Nbd7 {[%cal Bb8d7,Bd7f8,Bf8g6,Bg6h4,Bh4f3][%mdl 32]} 11. Bh2 Re8 12. Nbd2 Qc7 (12... a6 13. a4 Nf8 14. Ng5 Qd7 15. Qe2 Bc6 16. Bxa6 Bxa4 17. Bd3 Bc6 18. Nc4 {1-0 (82) Giri,A (2755)-Tomashevsky,E (2731) Moscow 2016}) 13. Qc2 Nf8 $146 ({Predecessor:} 13... Bf8 14. Rad1 Bc6 15. Ng5 g6 16. Nde4 Nxe4 17. Bxe4 Nf6 18. Bd3 {½-½ (18) Gogolis,A (2236)-Dorfanis,I (2164) Paleros 2013}) 14. Ng5 Ng6 15. Nge4 Nd5 {[%cal Bf6d5,Bd5f4,Bf4g2][%mdl 32]} 16. Be2 (16. Nf3 $11 {remains equal.}) 16... f5 $17 17. Ng3 Ndf4 $36 {[%mdl 2048] Black is in control.} 18. Nf3 $2 {[#]} (18. Bc4 $17 {might work better.}) 18... Nxg2 $1 $19 {[%mdl 512]} 19. Kxg2 Nh4+ 20. Kg1 {Black must now prevent Nxh4.} Bxf3 21. Bf1 $2 (21. Qd3 Qb7 22. Qa6) 21... Bb7 {Hoping for ...Nf3+.} 22. Be2 Qc6 {[%csl Gb7,Gh4][%cal Rc6g2] [#]} 23. f3 Nxf3+ 24. Bxf3 Qxf3 25. Qe2 Qxe2 26. Rxe2 Bd5 27. Nf1 Rad8 28. Nd2 Bf6 29. Rae1 Kf7 30. Bg3 g5 31. Bf2 e5 32. c4 Bb7 33. d5 h5 34. Bg3 e4 35. Rf1 Bc8 36. Be1 (36. Bf2 $142) 36... f4 37. Rxe4 Bxh3 38. Rf3 Bf5 39. Rxe8 Rxe8 40. Bf2 Re2 41. Nb3 Be4 42. Rh3 Rxb2 43. Rxh5 Rb1+ {Black mates.} 44. Be1 Rxe1+ 45. Kf2 Rb1 46. Ke2 Rb2+ 47. Ke1 Bc3+ 48. Kd1 Bf3+ 49. Kc1 Bxh5 50. c5 Bg6 {[%csl Gg6][%cal Rb2b1]} 51. c6 Rb1# {Precision: White = 17%, Black = 85%.} 0-1

[Event "EYCC 2017"]
[Site "Mamaia"]
[Date "2017.09.13"]
[Round "8"]
[White "Samunenkov, Igor"]
[Black "Camlar, Arda"]
[Result "0-1"]
[WhiteElo "1794"]
[BlackElo "1361"]
[Annotator "NA RC"]
[PlyCount "54"]
[EventDate "2017.??.??"]
[EventType "swiss"]
[EventCountry "ROU"]
[SourceTitle "playchess.com"]
[Source "ChessBase"]
[SourceQuality "1"]
[TimeControl "40/5400+30:1800+30"]

1. d4 d5 2. Bf4 Nf6 3. e3 c5 4. Nf3 Nc6 5. c3 Qb6 6. Qc1 Nh5 7. Bg3 Nxg3 8. hxg3 Bf5 9. Nh4 Bxb1 10. Rxb1 cxd4 11. exd4 e5 12. Qe3 O-O-O 13. dxe5 Qxe3+ 14. fxe3 Nxe5 15. Be2 Bc5 16. Nf5 g6 17. Nd4 h5 18. Kf2 Rhe8 19. b4 Be7 20. Bb5 Ng4+ 21. Ke2 Rf8 22. Rhe1 Bg5 23. Nc2 a6 24. Ba4 b5 25. Bb3 Rfe8 26. Kf3 Re5 27. Re2 Rf5# 0-1

[Event "EYCC 2017"]
[Site "Mamaia"]
[Date "2017.09.13"]
[Round "8"]
[White "Czarnecka, Lidia"]
[Black "Bulatova, Kamaliya"]
[Result "0-1"]
[WhiteElo "1792"]
[BlackElo "2014"]
[Annotator "NA RC"]
[PlyCount "58"]
[EventDate "2017.??.??"]
[EventType "swiss"]
[EventCountry "ROU"]
[SourceTitle "playchess.com"]
[Source "ChessBase"]
[SourceQuality "1"]
[TimeControl "40/5400+30:1800+30"]

1. e4 {[%emt 0:00:00]} c5 {[%emt 0:00:03]} 2. Nf3 {[%emt 0:00:38]} d6 {[%emt 0:00:04]} 3. d4 {[%emt 0:00:40]} cxd4 {[%emt 0:00:05]} 4. Nxd4 {[%emt 0:00:21]} Nf6 {[%emt 0:00:04]} 5. Nc3 {[%emt 0:01:00]} a6 {[%emt 0:00:11]} 6. Bg5 {[%emt 0:01:36]} Nbd7 {[%emt 0:01:22]} 7. f4 {[%emt 0:01:42]} Qc7 {[%emt 0:00:37]} 8. Qf3 {[%emt 0:01:42] B94: Sicilian Najdorf: 6 Bg5 Nbd7} (8. Be2 e6 9. O-O Be7 10. Kh1 b5 11. Bf3 Bb7 12. Bxf6 Nxf6 13. e5 dxe5 14. fxe5 Nd7 15. Bxb7 Qxb7 {½-½ (65) Azarov,S (2582)-Fedoseev,V (2690) Minsk 2017}) 8... h6 {[%emt 0:01:39]} 9. Bxf6 {[%emt 0:05:25]} Nxf6 {[%emt 0:00:06]} 10. h3 {[%emt 0:00:40]} e5 {[%emt 0:05:16]} 11. Nb3 {[%emt 0:01:51]} b5 {[%emt 0:06:45]} 12. O-O-O {[%emt 0:00:51]} Bb7 {[%emt 0:01:10]} 13. Nd5 {[%emt 0:02:09]} Nxd5 $146 {[%emt 0:04:31]} ({Predecessor:} 13... Bxd5 14. exd5 Rc8 15. Bd3 Be7 {1-0 (69) Shagdurov,D (1789)-Evsyukov,A (1902) St Petersburg 2011}) 14. exd5 {[%emt 0:00:06]} Be7 {[%emt 0:00:29]} 15. Kb1 {[%emt 0:00:43]} O-O {[%emt 0:06:05]} 16. f5 {[%emt 0:00:29]} Rfc8 {[%emt 0:01:25]} 17. Bd3 {[%emt 0:00:48]} a5 {[%emt 0:02:08]} 18. Be4 {[%emt 0:07:40]} a4 {[%emt 0:01:25]} 19. Nc1 {[%emt 0:00:26]} b4 $17 {[%emt 0:04:11]} 20. h4 {[%emt 0:10:06]} a3 {[%emt 0:02:35]} 21. b3 {[%emt 0:00:08]} Ra5 {[%emt 0:00:17]} 22. Rh3 {[%emt 0:10:23]} Rxd5 {[%emt 0:03:09]} 23. Rxd5 {[%emt 0:01:38]} Bxd5 {[%emt 0:00:01]} 24. Qe2 {[%emt 0:02:57]} Bxe4 {[%emt 0:00:20]} 25. Qxe4 {[%emt 0:00:04]} d5 {[%emt 0:00:51]} 26. Qe2 {[%emt 0:00:10]} e4 {[%emt 0:00:07]} 27. c4 {[%emt 0:03:56]} bxc3 {[%emt 0:01:34]} 28. Kc2 {[%emt 0:00:21]} Qe5 {[%emt 0:01:00]} 29. Kd1 {[%emt 0:00:40]} Qxf5 {[%emt 0:01:52]} 0-1